000
003120000a22001330004500
003
MACL
040
_a
MACL
090
_c
6317
_d
6316
100
_a
Shastri, J.L.
245
_a
Ancient Indian Tradition & Mythology
_b
Vol 4
260
_b
Motilal Banarsidass Publishers
_c
1988
650
_a
Religion
942
_c
BOOK
_k
294
999
_c
6269
_d
6269